Odgadnij czyjego rapera to piosenka - Statystyki

Ogólne statystyki
  • Ten quiz został rozwiązany 1 495 razy
  • Średni wynik to 9 z 15
Statystyki odpowiedzi
Tytuł Raper % Poprawnych
Patointeligencja Mata
98%
Rainman Tymek
93%
Nadchodzi lato Bedoes
92%
Robie yeah Malik Montana
91%
@ Chillwagon
90%
Mademoiselle Blacha
85%
Trzy butelki White 2115
59%
Toskania Kizo
54%
Moizdrajcy.com Deys
53%
Kim ty jesteś YOUNG MULTI
46%
Układanki Young igi
42%
Interpol PRO8L3M
38%
Uliczny styl Kabe
35%
Nagano 98 Kartky
34%
Sezon Otsochodzi
32%
Nie znaleziono quizów pasujących do podanych kryteriów
Rozkład punktacji
Procent ludzi z każdym wynikiem
Percentyl według liczby udzielonych odpowiedzi
Twoja historia wyników
Nie rozwiązałeś tego quizu